Đờn ca tài tử sân khấu cải lương Cần Thơ

Qua cuốn sách này gửi đến người đọc cái nhìn khái quát về đờn ca tài tử - sân khấu cải lương Cần Thơ

Salvato in:
Dettagli Bibliografici
Autore principale: Thái, Ngọc Anh
Natura: Libro
Lingua:Undetermined
Pubblicazione: Cần Thơ Đại học Cần Thơ 2014
Soggetti:
Tags: Aggiungi Tag
Nessun Tag, puoi essere il primo ad aggiungerne! !
Thư viện lưu trữ: Trung tâm Học liệu Trường Đại học Cần Thơ
LEADER 00845nam a2200217Ia 4500
001 CTU_229473
008 210402s9999 xx 000 0 und d
082 |a 781.629592 
082 |b A107 
100 |a Thái, Ngọc Anh 
245 0 |a Đờn ca tài tử sân khấu cải lương Cần Thơ 
245 0 |c Thái Ngọc Anh 
260 |a Cần Thơ 
260 |b Đại học Cần Thơ 
260 |c 2014 
520 |a Qua cuốn sách này gửi đến người đọc cái nhìn khái quát về đờn ca tài tử - sân khấu cải lương Cần Thơ 
650 |a Âm nhạc dân gian,Folk music 
650 |x Lịch sử và phê bình,History and criticism 
650 |z Việt Nam,Vietnam 
910 |b nthai 
980 |a Trung tâm Học liệu Trường Đại học Cần Thơ